000 00487nam a2200181Ia 4500
005 20250423101004.0
008 250422s9999 xx 000 0 und d
020 _a9781009401098
050 _aHD 2769.2 .U6/
100 _aAbramson, Alan J
245 0 _aStanding up for nonprofits
260 _aCambridge
260 _bCambridge University Press
260 _c2024
300 _a71 p
650 _a Nonprofit organizations--United States. Charities--United States.
942 _cBK
999 _c34949
_d34949